01302nam a22002537a 450000500170000001000220001702000490003902000490008802000500013703500190018703700130020608200170021910000170023624502660025325000110051926000310053027000800056130000620064150000190070394200310072299900170075395201390077095201390090920140805105912.0 aENG-109891-109892 c4395.00 (Set of 2 Vols)a9789351430803 (set) c4395.00 (Set of 2 Vols)a9789351430810 (V.I) c4395.00 (Set of 2 Vols)a9789351430827 (V.II) aEN-93424-93425 bDBAD/PUB a344.54012596 aDoabia, H.S.00aThe law of services and dismissals :cby H.S. Doabiaba commentary on the law relating to public and private servants,including industrial employees, covering dismissal, removal, suspension, reduction in rank, retirement, resignation, increments and salaries /  a5th ed aGurgaonbLexis Nexisc2014 a14th Floor, Bldg. No.10, Tower-B, DLF Cyber City, Phase-IIbGurgaone122002 a2 V. (cxci-1912,251p.; ccxxiv,1913-3591,251p.) c25cm(Hb) aIncludes index 2ddccENmDOAh344.54012596 c83868d83868 00103v.140718NFICaDBADbDBADd2014-04-29eDBAD / PUBg4395.00l0o344.54012596 DOApEN-93424r2014-04-29 00:00:00t1v4395.00yEN 00103v.240718NFICaDBADbDBADd2014-04-29eDBAD / PUBg4395.00l0o344.54012596 DOApEN-93425r2014-04-29 00:00:00t1v4395.00yEN